[Event "BL 1011 (Women)"]
[Site "Germany"]
[Date "2011.01.30"]
[Round "7.4"]
[White "Schoene, Maria"]
[Black "Juergens, Vera"]
[Result "1/2-1/2"]
[WhiteElo "2191"]
[BlackElo "2285"]
[PlyCount "143"]
[EventDate "2010.11.06"]
[EventType "team-tourn"]
[EventRounds "11"]
[EventCountry "GER"]
[SourceTitle "EXT 2012"]
[Source "ChessBase"]
[SourceDate "2011.11.24"]
[SourceVersion "1"]
[SourceVersionDate "2011.11.24"]
[SourceQuality "1"]
[WhiteTeam "Bad Koenigshofen (W)"]
[BlackTeam "Hamburger SK (W)"]
[WhiteTeamCountry "GER"]
[BlackTeamCountry "GER"]

1. e4 d5 2. exd5 Qxd5 3. Nc3 Qd6 4. d4 Nf6 5. Nf3 g6 6. Bc4 Bg7 7. 0-0 a6 8. Ne5 0-0 9. Re1 Nc6 10. Nxc6 bxc6 11. h3 Rd8 12. Bg5 Qb4 13. Bb3 Rxd4 14. Qf3 Bb7 15. a3 Qa5 16. Bxf6 exf6 17. Re7 Rf8 18. Ne4 f5 19. Ng5 Rd5 20. Bxd5 cxd5 21. Qb3 Bc6 22. Nf3 Bf6 23. Re2 d4 24. Rd1 Bb5 25. Ree1 c5 26. Nd2 Qc7 27. Nc4 Rb8 28. Qd3 Bc6 29. b3 Bd5 30. Qd2 Qc6 31. Qf4 Rd8 32. f3 Kg7 33. Re2 h6 34. h4 Bxc4 35. bxc4 Qa4 36. h5 Qxc4 37. Rde1 Bg5 38. Qe5+ Bf6 39. Qf4 Bg5 40. Qc7 d3 41. cxd3 Qd4+ 42. Kf1 Bf4 43. Qe7 Bh2 44. Qe3 Qh4 45. hxg6 Bg3 46. Rd1 Re8 47. Qg1 Qa4 48. Rc1 Qxa3 49. Qxc5 Qxd3 50. Qc3+ Qxc3 51. Rxc3 Rxe2 52. Kxe2 fxg6 53. Ra3 Kf6 54. Rxa6+ Kg5 55. Ke3 h5 56. Ra4 Bc7 57. Kf2 Bb6+ 58. Kg3 h4+ 59. Kh3 Bf2 60. f4+ Kf6 61. Ra8 Bg3 62. Ra6+ Kg7 63. Rc6 Kh6 64. Rc4 Kh5 65. Ra4 Kh6 66. Ra8 Kg7 67. Ra3 Kh6 68. Ra7 Bf2 69. Rd7 Bg3 70. Rb7 Bf2 71. Kh2 Bg3+ 72. Kh3 1/2-1/2

[Event "Oberliga Nord W 0910"]
[Site "Germany"]
[Date "2010.02.28"]
[Round "7.6"]
[White "Bogomolow, Sergej"]
[Black "Juergens, Vera"]
[Result "1/2-1/2"]
[WhiteElo "2190"]
[BlackElo "2290"]
[PlyCount "80"]
[EventDate "2009.10.18"]
[EventType "team-tourn"]
[EventRounds "9"]
[EventCountry "GER"]
[SourceTitle "EXT 2011"]
[Source "ChessBase"]
[SourceDate "2010.11.26"]
[SourceVersion "1"]
[SourceVersionDate "2010.11.26"]
[SourceQuality "1"]
[WhiteTeam "Uelzen Post"]
[BlackTeam "Melle III"]
[WhiteTeamCountry "GER"]
[BlackTeamCountry "GER"]

1. e4 d6 2. d4 Nd7 3. f4 e5 4. Nf3 Ngf6 5. Nc3 c6 6. Bc4 b5 7. dxe5 bxc4 8. exf6 Qxf6 9. 0-0 Be7 10. Nd4 Bb7 11. e5 dxe5 12. fxe5 Qg6 13. Nf5 Bc5+ 14. Kh1 0-0-0 15. Ne4 Nxe5 16. Qe2 Bf8 17. Ng5 f6 18. Ne6 Rd7 19. Be3 Qf7 20. Nxf8 Qxf8 21. Rad1 g6 22. Rxd7 Nxd7 23. Nd4 Qe7 24. Qd2 a6 25. Re1 Re8 26. Bf2 Qf7 27. Rxe8+ Qxe8 28. Qb4 c5 29. Qxc4 Qe4 30. Qg8+ Kc7 31. Bg3+ Ne5 32. Nf3 Qe2 33. h3 Bxf3 34. Qf7+ Kc6 35. Qe6+ Kb7 36. Qe7+ Kb6 37. Qd8+ Ka7 38. Qc7+ Bb7 39. Qxc5+ Kb8 40. Qf8+ Kc7 1/2-1/2

[Event "BL 0910 (Women)"]
[Site "Germany"]
[Date "2009.11.07"]
[Round "1.4"]
[White "Juergens, Vera"]
[Black "Belic, Jordanka"]
[Result "1/2-1/2"]
[WhiteElo "2290"]
[BlackElo "2313"]
[PlyCount "29"]
[EventDate "2009.11.07"]
[EventType "team-tourn"]
[EventRounds "11"]
[EventCountry "GER"]
[SourceTitle "CBM 133 Extra"]
[Source "ChessBase"]
[SourceDate "2010.01.05"]
[SourceVersion "1"]
[SourceVersionDate "2010.01.05"]
[SourceQuality "1"]
[WhiteTeam "Hamburger SK (W)"]
[BlackTeam "Halle Volksbank (W)"]
[WhiteTeamCountry "GER"]
[BlackTeamCountry "GER"]

1. d4 Nf6 2. Bg5 c5 3. d5 Qb6 4. Nc3 d6 5. e4 g6 6. Bb5+ Bd7 7. a4 Bg7 8. Nf3 a6 9. a5 Qc7 10. Bxd7+ Nbxd7 11. h3 0-0 12. 0-0 Rfe8 13. Nd2 b5 14. axb6 Nxb6 15. Qe2 1/2-1/2